000 00677nam a2200265Ia 4500
005 20260121170806.0
008 008 260114s9999 xx 000 0 eng d
020 _a9783319897134
037 _aEBOOK
040 _aCRL
040 _beng
040 _cCRL
041 _2eng
041 _aeng
084 _qCRL
100 _aJung Cheol Shin, Barbara M. Kehm, Glen A. Jones
_91068209
245 0 _aDoctoral Education for the Knowledge Society
260 _bSpringer
260 _bSpringer
260 _c2018
856 _uhttps://link.springer.com/openurl?genre=book&isbn=978-3-319-89713-4
942 _cEBOOK
999 _c1633939
_d1633939